| 000 | 00630nam a22002177a 4500 | ||
|---|---|---|---|
| 005 | 20250708164640.0 | ||
| 008 | 250708b |||||||| |||| 00| 0 eng d | ||
| 020 | _a9788192083506 (hbk) | ||
| 037 | _cTB | ||
| 040 |
_aCRL _cCRL |
||
| 041 |
_2URD _aURD |
||
| 084 |
_aw1 168Q1 _bCRL |
||
| 100 |
_aFakhir Hussain _9215971 |
||
| 245 | _aAdab aur adeeb | ||
| 260 |
_aDelhi, India: _bRainfia Enterprises, _c2011. |
||
| 300 | _a176p. | ||
| 365 |
_b400.00 _cINR |
||
| 650 | _aBiography | ||
| 942 |
_2CC _cTB _hw1 168Q1 _n0 |
||
| 999 |
_c1433517 _d1433517 |
||